| 000 | 00373nam a2200133Ia 4500 | ||
|---|---|---|---|
| 008 | 191023s9999 xx 000 0 und d | ||
| 020 | _a9781285841090 | ||
| 100 | _aVebell, Victoria. | ||
| 245 |
_cVictoria Vebell.-- _aThe Basics of drawing / |
||
| 250 | _a2nd ed | ||
| 260 |
_aUSA : _bCengage Learning _c2015 |
||
| 300 | _axvii, 270 pages. | ||
| 650 | _aDrawing -- Technique | ||
| 999 |
_c362325 _d362325 |
||